| 000 | 00679nam a22001337a 4500 | ||
|---|---|---|---|
| 040 | _cRUA | ||
| 082 | _aAGR SRE 2010 B045 Or.1 | ||
| 100 | _aSREY, TETHVOLEAK. | ||
| 245 | _athe change of agricultural land use in rokathom commune chbamon district, kompongs poeu province (បម្រែបម្រួលការប្រើប្រាស់ដីកសិកម្ម នៅក្នុង ឃុំរកាធំ ស្រុកច្បាមន ខេត្តកំពង់ស្ពឺ) | ||
| 260 |
_aPhnom Penh _bRUA _c2010 |
||
| 300 |
_ax, 60p. _bill. _c29cm. |
||
| 856 | _uhttps://drive.google.com/file/d/1R3d-UgoGNj4RJ6psh3Y7C94ikcpUCJOc/view?usp=sharing | ||
| 942 | _cAGR | ||
| 999 |
_c1036 _d1036 |
||